<?xml version="1.0" encoding="UTF-8"?>
<record
    xmlns:xsi="http://www.w3.org/2001/XMLSchema-instance"
    xsi:schemaLocation="http://www.loc.gov/MARC21/slim http://www.loc.gov/standards/marcxml/schema/MARC21slim.xsd"
    xmlns="http://www.loc.gov/MARC21/slim">

  <leader>00699nam a2200205Ia 4500</leader>
  <controlfield tag="001">14725</controlfield>
  <controlfield tag="003">GE_BSU</controlfield>
  <controlfield tag="008">181216s||||||||xx |||||||||||||| ||und||</controlfield>
  <datafield tag="040" ind1=" " ind2=" ">
    <subfield code="c">GE_BSU</subfield>
  </datafield>
  <datafield tag="080" ind1=" " ind2=" ">
    <subfield code="a">621.81</subfield>
  </datafield>
  <datafield tag="100" ind1=" " ind2=" ">
    <subfield code="a">&#x418;&#x446;&#x43A;&#x43E;&#x432;&#x438;&#x447;,&#x413;.&#x41C;. &#x41A;&#x438;&#x441;&#x435;&#x43B;&#x435;&#x432;,&#x412;.&#x410;. &#x427;&#x435;&#x440;&#x43D;&#x430;&#x432;&#x441;&#x43A;&#x438;&#x439;,&#x421;.&#x410;. &#x438; &#x434;&#x440;.</subfield>
  </datafield>
  <datafield tag="245" ind1=" " ind2=" ">
    <subfield code="a">&#x421;&#x431;&#x43E;&#x440;&#x43D;&#x438;&#x43A; &#x437;&#x430;&#x434;&#x430;&#x447; &#x438; &#x43F;&#x440;&#x438;&#x43C;&#x435;&#x440;&#x43E;&#x432; &#x440;&#x430;&#x441;&#x447;&#x435;&#x442;&#x430; &#x434;&#x435;&#x442;&#x430;&#x43B;&#x435;&#x439; &#x43C;&#x430;&#x448;&#x438;&#x43D;.</subfield>
  </datafield>
  <datafield tag="245" ind1=" " ind2=" ">
    <subfield code="c">&#x41D;&#x430;&#x443;&#x447;&#x43D;. &#x440;&#x435;&#x434;. &#x421;.&#x410;.&#x427;&#x435;&#x440;&#x43D;&#x430;&#x432;&#x441;&#x43A;&#x438;&#x439;.</subfield>
  </datafield>
  <datafield tag="260" ind1=" " ind2=" ">
    <subfield code="a">&#x41C;.</subfield>
  </datafield>
  <datafield tag="260" ind1=" " ind2=" ">
    <subfield code="b">&#x41C;&#x430;&#x448;&#x433;&#x438;&#x437;.</subfield>
  </datafield>
  <datafield tag="260" ind1=" " ind2=" ">
    <subfield code="c">1957.</subfield>
  </datafield>
  <datafield tag="300" ind1=" " ind2=" ">
    <subfield code="a">267 &#x441;&#x442;&#x440;. &#x441; &#x438;&#x43B;&#x43B;. 22 &#x441;&#x43C;.</subfield>
  </datafield>
  <datafield tag="653" ind1=" " ind2=" ">
    <subfield code="a">&#x421;&#x431;&#x43E;&#x440;&#x43D;&#x438;&#x43A; &#x437;&#x430;&#x434;&#x430;&#x447; &#x438; &#x43F;&#x440;&#x438;&#x43C;&#x435;&#x440;&#x43E;&#x432; &#x440;&#x430;&#x441;&#x447;&#x435;&#x442;&#x430; &#x434;&#x435;&#x442;&#x430;&#x43B;&#x435;&#x439; &#x43C;&#x430;&#x448;&#x438;&#x43D;.</subfield>
  </datafield>
  <datafield tag="942" ind1=" " ind2=" ">
    <subfield code="c">BK</subfield>
  </datafield>
  <datafield tag="999" ind1=" " ind2=" ">
    <subfield code="c">47851</subfield>
    <subfield code="d">47851</subfield>
  </datafield>
  <datafield tag="952" ind1=" " ind2=" ">
    <subfield code="0">0</subfield>
    <subfield code="1">0</subfield>
    <subfield code="4">0</subfield>
    <subfield code="7">0</subfield>
    <subfield code="9">62613</subfield>
    <subfield code="d">2018-12-17</subfield>
    <subfield code="p">11147</subfield>
    <subfield code="r">2018-12-17</subfield>
    <subfield code="w">2018-12-17</subfield>
    <subfield code="y">BK</subfield>
  </datafield>
</record>
